Alemán, al borde del desafuero

Na minha lista:
Detalhes bibliográficos
Formato: Texto
Assuntos:
Tags: Adicionar Tag
Sem tags, seja o primeiro a adicionar uma tag!

MARC

LEADER 00000 a a2200000 04500
001 6596
003
040
245 |a Alemán, al borde del desafuero  
650 |a POLITICOS  
650 |a CORRUPCION  
650 |a RESPONSABILIDAD LEGAL  
773 |g volumen 23, número 1010; páginas 10-12  
999 |c 27996  |d 27996